| 000 | 00486cam a22001217a 4500 | ||
|---|---|---|---|
| 008 | 180718b1982 xxu||||| |||| 00| 0 eng d | ||
| 082 | _aA81x54 In2/71/8/PT10C/D | ||
| 100 | _aCensus of India 1971 | ||
| 245 | _aJammu and Kashmir district census handbook, Doda: census tables and tables on village directory and primary census abstract | ||
| 260 |
_aSrinagar _bJammu and Kashmir Government _c1982 |
||
| 300 | _a223+p. | ||
| 440 | _aCensus of India 1971. Series-8, Jammu and Kashmir. Part X-C | ||
| 999 |
_c485106 _d485106 |
||